Lenin in Zurich (Record no. 28656)

MARC details
000 -LEADER
fixed length control field 00256nam a2200109Ia 4500
082 ## - DEWEY DECIMAL CLASSIFICATION NUMBER
Classification number 82-3
Item number SOL
100 ## - MAIN ENTRY--AUTHOR NAME
Personal name Solzhenitsyn, A
245 #0 - TITLE STATEMENT
Title Lenin in Zurich
260 ## - PUBLICATION, DISTRIBUTION, ETC. (IMPRINT)
Place of publication New York
Name of publisher Bantam
Year of publication 1977
942 ## - ADDED ENTRY ELEMENTS (KOHA)
Koha item type Books
Holdings
Withdrawn status Lost status Damaged status Not for loan Home library Current library Date acquired Cost, normal purchase price Full call number Accession Number Koha item type
        RRII Library RRII Library 16/12/2021 2.50 82-3 SOL 09251 Books